The year of the hawks : (Record no. 151820)

MARC details
000 -LEADER
fixed length control field 00506nam a22001817a 4500
005 - DATE AND TIME OF LATEST TRANSACTION
control field 20180710164739.0
010 ## - LCCN (DPL NO)
LC control number EN-106379
020 ## - INTERNATIONAL STANDARD BOOK NUMBER
International Standard Book Number 9789386682157
Terms of availability 350.00
035 ## - SYSTEM CONTROL NUMBER
System control number EN-106379
037 ## - SOURCE OF ACQUISITION
Source of stock number/acquisition DBAD/PUB
082 ## - DEWEY DECIMAL CLASSIFICATION NUMBER
Classification number N
100 ## - MAIN ENTRY--PERSONAL NAME
Personal name Deol, Kanwaljit
245 ## - TITLE STATEMENT
Title The year of the hawks :
Statement of responsibility, etc by Kanwaljit Deol
Remainder of title a novel /
260 ## - PUBLICATION, DISTRIBUTION, ETC. (IMPRINT)
Place of publication, distribution, etc New Delhi
Name of publisher, distributor, etc Speaking Tiger
Date of publication, distribution, etc 2017
270 ## - ADDRESS
Address 4381/4, Ansari Road, Daryaganj,
City New Delhi
Postal code 110002
300 ## - PHYSICAL DESCRIPTION
Extent 283p.
Dimensions 21cm(pbk)
942 ## - ADDED ENTRY ELEMENTS (KOHA)
Source of classification or shelving scheme Dewey Decimal Classification
Item type English Books
Call number suffix DEO
Classification part N
Holdings
Withdrawn status Lost status Not for loan Collection code Home library Current library Date acquired Source of acquisition Cost, normal purchase price Full call number Barcode Copy number Cost, replacement price Koha item type
      Fiction Shahdara Branch Shahdara Branch 02/05/2018 DBAD/PUB 350.00 N DEO EN-106379 1 350.00 English Books

© Delhi Public Library
Hit Counter
free hit counter